La iglesia dialoga con el islam: entrevista con el Sheij Abdul Karim Paz
Saved in:
| Hovedforfatter: | |
|---|---|
| Format: | Bog |
| Sprog: | spansk |
| Udgivet: |
Santiago
Centro de Cultura Islámica
2002
|
| Fag: | |
| Tags: |
Tilføj Tag
Ingen Tags, Vær først til at tagge denne postø!
|
MARC
| LEADER | 00000nam a2200000 a 4500 | ||
|---|---|---|---|
| 001 | UCM8398 | ||
| 003 | CL-VaPUC | ||
| 008 | 030314e20020000CL |||||||||||||||||spa|d | ||
| 082 | 0 | 4 | |a 297.283 |b PRA |2 21 |
| 100 | 0 | |a Prado, Juan Guillermo |e author |9 474436 | |
| 245 | 1 | 3 | |a La iglesia dialoga con el islam: entrevista con el Sheij Abdul Karim Paz |
| 300 | |a 180 p | ||
| 942 | |c BK | ||
| 945 | |d 20030314 00:00:00 |a rbrito | ||
| 260 | |a Santiago |b Centro de Cultura Islámica |c 2002 | ||
| 650 | 7 | |a ISLAMISMO Y CRISTIANISMO |2 CL-VaPUC |9 474437 | |
| 650 | 0 | |a Cristianismo |9 257361 | |
| 650 | 0 | |a Islamismo |9 314084 | |
| 583 | |a last modification |c 20030314 00:00:00 |k Rodrigo Vera | ||
| 999 | |c 302917 |d 302915 | ||
| 952 | |0 0 |1 0 |4 0 |6 297_283000000000000_PRA_2002 |7 0 |8 A |9 363757 |a BIBTEO |b BIBTEO |d 2019-11-21 |i 3865924 |o 297.283 PRA 2002 |p 3865924 |r 2025-01-17 |w 2019-11-21 |y BK |k ICR | ||
| 952 | |0 0 |1 0 |4 0 |6 297_283000000000000_PRA_2002 |7 0 |8 A |9 363758 |a BIBTEO |b BIBTEO |d 2019-11-21 |i 4069684 |o 297.283 PRA 2002 |p 4069684 |r 2025-01-17 |w 2019-11-21 |y BK |k ICR | ||